000 00455nam a2200181Ia 4500
001 16857
005 20260306170342.0
008 260306t1999||||xx |||||||||||||| ||und||
041 _aESP
082 _a657.072
_bU61
100 _aUniversidad de San Martín de Porres
_eAUT
245 0 _aCompendio de trabajos de investigación
260 _c1999
300 _a273 páginas :
_c21 cm.
650 _aGEN
654 _aCCO
942 _cLIB
_dJUS
_fJUS
_2ddc
_n
999 _c16857
_d16857